| 000 | 01394cam a2200349 i 4500 | ||
|---|---|---|---|
| 001 | 200443819 | ||
| 003 | TR-AnTOB | ||
| 005 | 20251230152329.0 | ||
| 007 | ta | ||
| 008 | 840516m19799999sz a f001 0 eng | ||
| 010 | _a 83201880 | ||
| 040 |
_aDLC _beng _cDLC _erda _dDLC _dTR-AnTOB |
||
| 041 | 0 | _aeng | |
| 043 | _ae-sz--- | ||
| 050 | 0 | 4 |
_aHC397 _b.S95 1979 |
| 090 |
_aHC397 _b.S95 1979 |
||
| 245 | 0 | 0 | _aSwitzerland-- your partner. |
| 264 | 1 |
_a[Lausanne : _bSwiss Office for the Development of Trade, _cc1979- |
|
| 300 |
_avolumes : _billustrations (some color) ; _c24 cm |
||
| 336 |
_atext _btxt _2rdacontent |
||
| 337 |
_aunmediated _bn _2rdamedia |
||
| 338 |
_avolume _bnc _2rdacarrier |
||
| 500 | _aIncludes indexes. | ||
| 505 | 1 | _a -- v. 2. Agriculture and food processing -- v. 3. Transportation and communications -- v. 4. Public health -- v. 5. Building and construction -- v. 6. Energy generation and distribution -- v. 8. Environment conservation -- v. 9. Industrial production -- v. 10. Education and training -- v. [11]. Swiss electronics today. | |
| 650 | 0 |
_aIndustries _zSwitzerland _931822 |
|
| 651 | 0 |
_aSwitzerland _xEconomic conditions _y1945- _9151450 |
|
| 651 | 0 |
_aSwitzerland _xSocial conditions _9151451 |
|
| 710 | 2 |
_aSchweizerische Zentrale für Handelsförderung _9133530 |
|
| 942 |
_2lcc _cBK |
||
| 999 |
_c200443819 _d62031 |
||